000
00403nam a2200133Ia 4500
008
100328s9999 xx 000 0 und d
082
_b
57608
100
_a
मराठे रमा
245
_a
हसतं जगावं
260
_b
मेहता पब्लिशिंग हाऊस
630
_a
हसतं जगावं
730
_a
हसतं जगावं
942
_c
BOOK
999
_c
544045
_d
544042